LEADER 01033nam a2200241 i 4500 001 000000241505 003 CaOOAMICUS 005 20181024111527.0 008 150505s1981 it u000 u ita u 013 $a220410 040 $aSeMil$bita 100 1 $aRossi, Amato.$0(OLS)http://semarc/name/81760 245 13$aLa resistenza italiana :$bscritti, documenti e testimonianze /$cAmato Rossi. 260 $aRoma :$bLuciano Lucarini Editore,$ccopyr. 1981. 300 $a422 p. ;$c24 cm. 490 0 $aCollana di Storia [Luciano Lucarini Editore] 650 4$aResistenza - Italia - Fonti archivistiche.$0(OLS)http://semarc/subject/26487 830 0$aCollana di storia.$0(OLS)http://semarc/title/43218 850 $aSeMil 852 $aSeMil$W1$xVenegono$y1$m3N III 281$j191851$B191851$CSeMilBibl$Z2$F202649 $81 996 $6245$aLa resistenza italiana :$bscritti, documenti e testimonianze$9(OLS)http://semarc/title/343230 996 $6260$aRoma :$bLuciano Lucarini Editore$9(OLS)http://semarc/publisher/39035 LEADER 01164nam a2200253 i 4500 001 000000075251 003 CaOOAMICUS 005 20220712142314.0 008 000925s1804 it u000 u ita u 013 $a46423 026 $aO.DI meti tooe pimo (3) 1804 (A) 040 $aSeMil$bita 100 1 $aTasso, Torquato,$d<1544-1595>.$0(OLS)http://semarc/name/1240 245 10$aDiscorsi, e lettere di Torquato Tasso. 300 $a[2], 348, [2] p. 490 0 $aEdizione delle opere classiche italiane 500 $aIl titolo tratto dalla c. [1]2r che segue il front. 500 $aTit. sul front.: Opere di Torquato Tasso 773 0 $aTasso, Torquato <1544-1595>$tDelle opere di Torquato Tasso.$dMilano : Soc. Tip. de' Classici Italiani, contrada di S. Margherita, n.° 1118, 1804-1805.$kEdizione delle opere classiche italiane$g3$w()25064 830 0$aEdizione delle opere classiche italiane.$0(OLS)http://semarc/title/33675 850 $aSeMil 852 $aSeMil$W1$xVenegono$y1$m1F I 11 FA$j41403$B41403$CSeMilBibl$Z2$F41407 $8I 996 $6245$aDiscorsi, e lettere di Torquato Tasso$9(OLS)http://semarc/title/122063